01569nam a2200361 i 4500003000900000005001700009007000300026008004100029040003000070041000800100082001900108100005300127245003500180250002200215264005400237300003800291336002700329337003300356338002800389490003700417490002300454590002700477650002400504650002600528700004300554830006400597910001400661942001400675952018300689952015500872952016301027999001701190DO-SdBNP20260519092239.0ta250226t1981 dr 000 p spa d aDO-SdBNPbspacBNPHUerda aspa 4axxxbG633h2221 aGómez Rosa, Alexis,d1950-eautor4aut.92350113aHigh Q /cAlexis Gómez Rosa  aprimera edición 4aSanto Domingo :bEditor no identificado,c©1981. a75 páginas :bretrato ;c22 cm. atextobtxt2rdacontent asin mediaciónbn2rdamedia avolumenbnc2rdacarrier1 aColección Luna cabeza caliente1 aSerie Noviluniov5 aInventariado, 2025/ YL 4aPoesía Dominicana 4aLiteratura Dominicana1 aMármol, José ecorrección982777 0aColección Luna cabeza calientepSerie Novilunion5989656 aYLockward 2ddccLBS1 00102ddc51708PDaBNPHUbBNPHUcCTd2014-02-03eDonaciónl0oBNPHU PD G633p2025-1279r2025-02-26w2025-02-26yLBS1zPerteneció a la biblioteca personal de Barbara Suncar. 00102ddc51708PDaBNPHUbBNPHUcCTd2024-10-29eDonado por el Instituto Duartianol0oBNPHU PD G633p2025-1280r2025-02-26te. 2w2025-02-26yLBS1 00102ddc56708DSaBNPHUbBNPHUcCTd2026-05-19eDonado por Federico Henríquez Gratereauxl0oBNPHU DS G633p2026-4313r2026-05-19te.3w2026-05-19yLBS1 c58242d58242